LIBRARY & INFORMATION CENTRE, KCAET, TAVANUR

ONLINE PUBLIC ACCESS CATALOGUE (OPAC)

Principles of geotechnical engineering / (Record no. 12903)

MARC details
000 -LEADER
fixed length control field 00517cam a2200193ua 4500
020 ## - INTERNATIONAL STANDARD BOOK NUMBER
ISBN 0-534-38742-x
041 ## - LANGUAGE CODE
Language code of text/sound track or separate title eng
082 ## - DEWEY DECIMAL CLASSIFICATION NUMBER
Classification number 624.15136
Item number DAS/PR
100 ## - MAIN ENTRY--AUTHOR NAME
Personal name Das, Braja M .
245 ## - TITLE STATEMENT
Title Principles of geotechnical engineering /
250 ## - EDITION STATEMENT
Edition statement /
260 ## - PUBLICATION, DISTRIBUTION, ETC. (IMPRINT)
Place of publication Australia :
Name of publisher Bill Stenquist ,
Year of publication 2002.
300 ## - PHYSICAL DESCRIPTION
Number of Pages 589 ; .
650 ## - SUBJECT ADDED ENTRY--TOPICAL TERM
Topical Term Soil mechanics, Engineering geology
942 ## - ADDED ENTRY ELEMENTS (KOHA)
Koha item type Books
Holdings
Withdrawn status Lost status Damaged status Home library Current library Date acquired Full call number Accession Number Koha item type
Withdrawn     KAUAET KAUAET 07/04/2012 624.15136 21212 Books
free website counter